<?xml version="1.0" encoding="UTF-8"?>
<marc:record xmlns:marc="http://www.loc.gov/MARC21/slim">
   <marc:leader>00000nam a2200000 a 4500</marc:leader>
   <marc:datafield ind1="1" ind2=" " tag="100">
      <marc:subfield code="a">Wingate, Lisa</marc:subfield>
      <marc:subfield code="4">aut</marc:subfield>
      <marc:subfield code="e">Verfasser/-in</marc:subfield>
   </marc:datafield>
   <marc:datafield ind1=" " ind2=" " tag="653">
      <marc:subfield code="a">Erzählende Literatur: Gegenwartsliteratur ab 1945</marc:subfield>
   </marc:datafield>
   <marc:datafield ind1=" " ind2=" " tag="653">
      <marc:subfield code="a">romane</marc:subfield>
   </marc:datafield>
   <marc:datafield ind1="0" ind2="0" tag="245">
      <marc:subfield code="a">Schwesternschwur</marc:subfield>
   </marc:datafield>
   <marc:datafield ind1="0" ind2="0" tag="245">
      <marc:subfield code="b">Roman</marc:subfield>
   </marc:datafield>
   <marc:datafield ind1="0" ind2="0" tag="245">
      <marc:subfield code="c">Wingate, Lisa</marc:subfield>
   </marc:datafield>
   <marc:datafield ind1=" " ind2="1" tag="264">
      <marc:subfield code="a">München</marc:subfield>
      <marc:subfield code="b">Limes</marc:subfield>
      <marc:subfield code="c">2025</marc:subfield>
   </marc:datafield>
   <marc:datafield ind1=" " ind2=" " tag="250">
      <marc:subfield code="a">1. Auflage</marc:subfield>
   </marc:datafield>
   <marc:datafield ind1="1" ind2=" " tag="520">
      <marc:subfield code="a">Die Kinder der indigenen Völker Amerikas, von der Justiz im Stich gelassen, und der Kampf für Gerechtigkeit ...&#xD;
&#xD;
Oklahoma 1909. Die elfjährige Olive weiß, dass ihr Stiefvater es nicht gut mit den beiden Choctaw-Mädchen meint, die als Mündel in seinem Haus untergebracht sind. Als das ältere Mädchen verschwindet, flieht Ollie mit der sechsjährigen Nessa in die Winding Stair Mountains, das berüchtigte Revier der Geächteten und Schatzsucher, wo sie auf Gleichgesinnte treffen. Erst Jahrzehnte später wird Licht auf das Schicksal der Mädchen fallen, die verzweifelt um ihr Überleben kämpften in einer Welt, in der Frauen und Kinder nichts wert sind und die geprägt ist von politischen Konflikten, Korruption und Gier.&#xD;
Endlich der neue mitreißende Roman von SPIEGEL-Bestsellerautorin Lisa Wingate – inspiriert von einer wahren Begebenheit!</marc:subfield>
   </marc:datafield>
   <marc:datafield ind1=" " ind2=" " tag="020">
      <marc:subfield code="a">9783809027904</marc:subfield>
      <marc:subfield code="9">9783809027904</marc:subfield>
   </marc:datafield>
   <marc:datafield ind1=" " ind2=" " tag="020">
      <marc:subfield code="a">3809027901</marc:subfield>
      <marc:subfield code="9">3809027901</marc:subfield>
   </marc:datafield>
   <marc:datafield ind1=" " ind2=" " tag="041">
      <marc:subfield code="a">ger</marc:subfield>
   </marc:datafield>
   <marc:datafield ind1=" " ind2=" " tag="300">
      <marc:subfield code="b">Illustrationen</marc:subfield>
   </marc:datafield>
   <marc:datafield ind1=" " ind2=" " tag="338">
      <marc:subfield code="a">Band</marc:subfield>
   </marc:datafield>
   <marc:datafield ind1=" " ind2=" " tag="300">
      <marc:subfield code="a">492 Seiten</marc:subfield>
   </marc:datafield>
</marc:record>
